000 01050nam a2200277 a 4500
005 20060722155810.0
008 030918s2003 ii ab b 001 0 eng
010 _aENG-91549
020 _a0195698452
_c395.00
020 _a9780195698459
_c395.00
035 _aEN-75082
037 _bDBAD / PUB
040 _adpl
_bEnglish
082 _a301.153
245 _aThe essential writings /
_cBy Mahatma Gandhi; edited with an introduction and notes by Judith M. Brown
_b
250 _aNew ed.
260 _aNew Delhi :
_bOxford University Press,
_c2008
300 _axliii, 408 p.
_c20 cm (pbk)
490 _aOxford world's classics
500 _aIncludes glossary and index.
520 _aContributed essays.
600 _aGandhi, Mahatma, 1869-1948
_xPolitical and social views
700 _aBrown , Judith M.
942 _2ddc
_cEN
_mGAN
_h301.153
999 _c18165
_d18165